000 00316nam a2200145Ia 4500
008 210210b xxu||||| |||| 00| 0 eng d
041 _aeng
082 _a822/213
100 _aBUKE (Edmund)
245 _aSpeeches
260 _a
_bNot Mentioned
_c
650 _aSpeeches
690 _aEnglish Prose
906 _a012400
999 _c131196
_d131196